00671nam a2200181 i 450000100060000000300090000600500170001500700030003200800410003510000430007624501040011926000660022330000220028974000220031185200220033399900170035595201170037229031ES-MaACL20230906153952.0t|030120q18001899fr ||||1| fre d1 aBalzac, Honoré de,d1799-185092513914aLes parents pauvres b: (scénes de la vie parisienne) ; la cousine bette / cHonorés de Balzac. aParís : bLib. Nouvelle, c[18??] (fA. Bourdillia et Cie.) a412 p. ; c17 cm.3 aLa cousine bette. aES-MaACLjG-13539 c29031d29031 00104070aATENEOMbATENEOMcSPP3d2008-01-17eSCl0oG-13539p1029971r2023-02-23 00:00:00w2023-02-23yMONANT